Statistiken für Weltführer nach Ländern (1960er) - Bildquiz

Klicken Sie hier um das Quiz zu spielen!

Allgemein

  • Dieses Quiz wurde 85 mal gespielt
  • Das Durchschnittsergebnis liegt bei 10 aus 15

Antwortstatistiken

Antwort% Korrekt
Vereinigte Staaten
100%
China
96%
West Deutschland
95%
Jugoslawien
77%
Sowjetunion
77%
Monaco
73%
Frankreich
72%
Ägypten
65%
Frankreich
63%
Finnland
61%
Spanien
59%
Südkorea
58%
Vereinigte Staaten
57%
Portugal
49%
Indonesien
37%

Verteilung der Resultate

Perzentil nach korrekt beantworteten Fragen

Anzahl Personen mit jedem Resultat

Ihre Resultats-Entwicklung

Sie haben dieses Quiz noch nicht gespielt